000 01057nam a22003377a 4500
001 000013979
003 CHAP
005 20220329133934.0
008 971013s1974 r 00010 d
010 _a12941
011 _a13913
035 _a17986
040 _cCHAP
090 _aFolleto 1559
100 0 0 _aGoldberg, S. Dan.
_948544
245 1 0 _aAumento del uso agrícola de agua salina por medio del riego por goteo.
260 _a(México, D.F.) :
_bCentro Regional de Ayuda Técnica,
_c1974.
300 _a12 p. :
_b: gráfs.
590 _aBATCH-UPD
_b10
_c20130110
_lUCH01
_h1120
590 _aBATCH-UPD
_b10
_c20130410
_lUCH01
_h0710
590 _aBATCH-UPD
_b10
_c20130914
_lUCH01
_h1658
590 _aCONVERSION
_b10
_c20130109
_lUCH01
_h1308
590 _aE5995AHE
_b05
_c20141121
_lUCH01
_h1024
590 _aE5995AHE
_b05
_c20141121
_lUCH01
_h1039
650 1 4 _aIrrigación salina.
_960512
650 1 4 _aRiego por goteo.
_997380
901 _aBK
942 _cFOLL
942 _n0
949 _aFolleto 1559y
_bBC
_cFOLL
_d-42097
_eTS1
_i17986
_mD
_si
999 _c12941
_d12941